[Event "EIWCC 2017"]
[Site "Riga"]
[Date "2017.04.20"]
[Round "9"]
[White "Muzychuk, Mariya"]
[Black "Dzagnidze, Nana"]
[Result "1/2-1/2"]
[WhiteElo "2546"]
[BlackElo "2528"]
[Annotator "TA"]
[PlyCount "31"]
[EventDate "2017.??.??"]
[EventType "swiss"]
[EventCountry "LAT"]
[SourceTitle "playchess.com"]
[Source "ChessBase"]
[SourceQuality "1"]

1. e4 c5 2. Nf3 d6 3. d4 cxd4 4. Nxd4 Nf6 5. Nc3 a6 6. g3 g6 7. Bg2 Bg7 8. O-O O-O 9. h3 Nc6 10. Be3 Bd7 11. Nd5 Rc8 12. Nxc6 bxc6 13. Bb6 Qe8 14. Nc7 Qd8 15. Nd5 Qe8 16. Nc7 1/2-1/2

[Event "EIWCC 2017"]
[Site "Riga"]
[Date "2017.04.20"]
[Round "9"]
[White "Lagno, Kateryna"]
[Black "Fataliyeva, Ulviyya"]
[Result "1-0"]
[WhiteElo "2543"]
[BlackElo "2287"]
[Annotator "TA"]
[PlyCount "81"]
[EventDate "2017.??.??"]
[EventType "swiss"]
[EventCountry "LAT"]
[SourceTitle "playchess.com"]
[Source "ChessBase"]
[SourceQuality "1"]

1. e4 e6 2. d4 d5 3. Nd2 Nf6 4. e5 Nfd7 5. Bd3 c5 6. c3 Nc6 7. Ngf3 g6 8. h4 Qb6 9. h5 Rg8 10. hxg6 hxg6 11. a3 cxd4 12. cxd4 Nxd4 13. Nxd4 Qxd4 14. Nf3 Qb6 15. b4 Qc7 16. Bf4 g5 17. Rc1 Qd8 18. Bg3 a6 19. Nd4 Qb6 20. Qg4 Be7 21. Rh6 Nf8 22. Qd1 Bd7 23. Nf5 Bxb4+ 24. Kf1 Bxa3 25. Rb1 Qa7 26. Nd6+ Bxd6 27. exd6 Qd4 28. Rxb7 e5 29. Qb1 Rc8 30. Rb8 Qa7 31. Rxc8+ Bxc8 32. Bxe5 Bd7 33. Bd4 Qa8 34. Bh7 Nxh7 35. Qxh7 Rf8 36. Qg7 Bb5+ 37. Kg1 Kd7 38. Qxg5 Qd8 39. Qxd5 Rg8 40. Qb7+ Ke8 41. Bf6 1-0

[Event "EIWCC 2017"]
[Site "Riga"]
[Date "2017.04.20"]
[Round "9"]
[White "Pogonina, Natalija"]
[Black "Papp, Petra"]
[Result "1/2-1/2"]
[WhiteElo "2478"]
[BlackElo "2378"]
[Annotator "TA"]
[PlyCount "111"]
[EventDate "2017.??.??"]
[EventType "swiss"]
[EventCountry "LAT"]
[SourceTitle "playchess.com"]
[Source "ChessBase"]
[SourceQuality "1"]

1. d4 Nf6 2. c4 g6 3. Nc3 d5 4. Qb3 dxc4 5. Qxc4 Bg7 6. e4 O-O 7. Be2 Na6 8. Nf3 c5 9. d5 e6 10. O-O exd5 11. exd5 Re8 12. Be3 Bf5 13. Rad1 Rc8 14. Qb5 Qb6 15. Qxb6 axb6 16. h3 Rcd8 17. Rd2 Nb4 18. Bb5 Bd7 19. Bxd7 Rxd7 20. Rfd1 Ne4 21. Nxe4 Rxe4 22. a3 Na6 23. d6 h6 24. h4 Nb8 25. b3 Nc6 26. Rd5 Bf8 27. Kf1 f6 28. R1d3 g5 29. hxg5 hxg5 30. Nd2 Re5 31. Nc4 Rxd5 32. Rxd5 b5 33. Nd2 Rxd6 34. Rxd6 Bxd6 35. Ne4 Be7 36. Bxc5 Kf7 37. Ke2 Na5 38. Bxe7 Kxe7 39. Kd3 Nxb3 40. Kc3 Na5 41. Kb4 Nc4 42. a4 Nd6 43. Nxd6 Kxd6 44. Kxb5 Kc7 45. Kc5 g4 46. Kd5 Kd7 47. a5 Ke7 48. Ke4 Ke6 49. Kf4 f5 50. Kg5 Ke5 51. f3 g3 52. Kh4 Kd5 53. Kxg3 Kc5 54. Kf4 Kb5 55. g4 fxg4 56. fxg4 1/2-1/2

[Event "EIWCC 2017"]
[Site "Riga"]
[Date "2017.04.20"]
[Round "9"]
[White "Pogonina, Natalija"]
[Black "Papp, Petra"]
[Result "*"]
[WhiteElo "2478"]
[BlackElo "2378"]
[Annotator "TA"]
[PlyCount "42"]
[EventDate "2017.??.??"]
[EventType "swiss"]
[EventCountry "LAT"]
[SourceTitle "playchess.com"]
[Source "ChessBase"]
[SourceQuality "1"]

1. d4 Nf6 2. c4 g6 3. Nc3 d5 4. Qb3 dxc4 5. Qxc4 Bg7 6. e4 O-O 7. Be2 Na6 8. Nf3 c5 9. d5 e6 10. O-O exd5 11. exd5 Re8 12. Be3 Bf5 13. Rad1 Qb6 14. b3 Ne4 15. Nxe4 Rxe4 16. Qc1 Nb4 17. Bxc5 Nxa2 18. Qa3 Qc7 19. d6 Qc6 20. Qxa2 Qxc5 21. Ng5 Rb4 *

[Event "EIWCC 2017"]
[Site "Riga"]
[Date "2017.04.20"]
[Round "9"]
[White "Socko, Monika"]
[Black "Hoang, Thanh Trang"]
[Result "1/2-1/2"]
[WhiteElo "2462"]
[BlackElo "2459"]
[Annotator "TA"]
[PlyCount "85"]
[EventDate "2017.??.??"]
[EventType "swiss"]
[EventCountry "LAT"]
[SourceTitle "playchess.com"]
[Source "ChessBase"]
[SourceQuality "1"]

1. d4 f5 2. g3 Nf6 3. Bg2 g6 4. c4 Bg7 5. Nc3 d6 6. Nh3 O-O 7. O-O Nc6 8. d5 Ne5 9. Qb3 Nfd7 10. Be3 b6 11. Nb5 Nc5 12. Qc2 a5 13. Rad1 Bd7 14. Nf4 Rc8 15. Nd4 Qe8 16. Nde6 Nxe6 17. dxe6 Bc6 18. Nd5 Bxd5 19. cxd5 Qb5 20. Bd4 a4 21. f4 Ng4 22. Bxg7 Kxg7 23. h3 Nf6 24. Rd4 Qc5 25. Qd2 b5 26. Rc1 Qa7 27. e3 Rb8 28. a3 Rfc8 29. Rb4 h5 30. Rd4 Rh8 31. h4 Rb7 32. Bf3 Rhb8 33. Kf2 Kh7 34. Rc2 Rb6 35. Kg2 Qb7 36. Qc3 b4 37. Qd2 bxa3 38. bxa3 Qa7 39. Rdc4 R8b7 40. Qd4 Ra6 41. Qd2 Rab6 42. Qd4 Ra6 43. Qd2 1/2-1/2

[Event "EIWCC 2017"]
[Site "Riga"]
[Date "2017.04.20"]
[Round "9"]
[White "Javakhishvili, Lela"]
[Black "Khomeriki, Nino"]
[Result "1-0"]
[WhiteElo "2456"]
[BlackElo "2308"]
[Annotator "TA"]
[PlyCount "59"]
[EventDate "2017.??.??"]
[EventType "swiss"]
[EventCountry "LAT"]
[SourceTitle "playchess.com"]
[Source "ChessBase"]
[SourceQuality "1"]

1. d4 Nf6 2. c4 e6 3. Nf3 d5 4. g3 dxc4 5. Bg2 Bb4+ 6. Bd2 a5 7. Qc2 Bxd2+ 8. Qxd2 c6 9. a4 Ne4 10. Qf4 Nd6 11. Na3 Na6 12. O-O Nb4 13. Ne5 O-O 14. Rfd1 f6 15. Nexc4 Nf5 16. Rd2 Nd5 17. Qf3 b5 18. axb5 cxb5 19. Nxb5 Ba6 20. Nba3 Nb6 21. Nxa5 Nxd4 22. Qe3 e5 23. Bxa8 Qxa8 24. Rxd4 exd4 25. Qxd4 Nc8 26. N3c4 Ne7 27. Rd1 Bc8 28. f3 Be6 29. b4 Qa6 30. Qc5 1-0

[Event "EIWCC 2017"]
[Site "Riga"]
[Date "2017.04.20"]
[Round "9"]
[White "Cramling, Pia"]
[Black "Mammadova, Gulnar"]
[Result "1/2-1/2"]
[WhiteElo "2452"]
[BlackElo "2357"]
[Annotator "TA"]
[PlyCount "84"]
[EventDate "2017.??.??"]
[EventType "swiss"]
[EventCountry "LAT"]
[SourceTitle "playchess.com"]
[Source "ChessBase"]
[SourceQuality "1"]

1. d4 g6 2. c4 Bg7 3. e4 d6 4. Nc3 e5 5. Nge2 Nc6 6. Be3 f5 7. exf5 Bxf5 8. d5 Nce7 9. h3 h5 10. Ng3 Nf6 11. Bd3 Qd7 12. Qd2 a6 13. a4 c6 14. dxc6 bxc6 15. f4 e4 16. Ngxe4 Nxe4 17. Bxe4 Qe6 18. Bf3 Qxc4 19. Rc1 Qb4 20. O-O Rb8 21. Rfe1 d5 22. Nd1 Qxd2 23. Bxd2 Kf7 24. Be2 Bc8 25. b4 Bd4+ 26. Kh2 Re8 27. Bd3 Bb7 28. Ne3 Ng8 29. Nc2 Bf6 30. Rxe8 Rxe8 31. Ne1 Nh6 32. Nf3 Nf5 33. b5 cxb5 34. axb5 axb5 35. Bxb5 Rc8 36. Rb1 Bc6 37. Ba6 Re8 38. Rb6 Ba8 39. Bb5 Re6 40. Rb8 Bc6 41. Bd3 Re7 42. Rc8 Bb7 1/2-1/2

[Event "EIWCC 2017"]
[Site "Riga"]
[Date "2017.04.20"]
[Round "9"]
[White "Goryachkina, Aleksandra"]
[Black "Kashlinskaya, Alina"]
[Result "1/2-1/2"]
[WhiteElo "2452"]
[BlackElo "2426"]
[Annotator "TA"]
[PlyCount "80"]
[EventDate "2017.??.??"]
[EventType "swiss"]
[EventCountry "LAT"]
[SourceTitle "playchess.com"]
[Source "ChessBase"]
[SourceQuality "1"]

1. d4 Nf6 2. c4 e6 3. Nc3 Bb4 4. f3 c5 5. d5 d6 6. e4 O-O 7. Nge2 b5 8. Ng3 Re8 9. Bf4 exd5 10. cxd5 c4 11. a4 bxa4 12. Rxa4 Qb6 13. Bxc4 Bd7 14. Ra2 a5 15. Qd3 Bc5 16. Ke2 Na6 17. Bxa6 Rxa6 18. Be3 Bxe3 19. Qxe3 Bb5+ 20. Kf2 Bc4 21. Qxb6 Rxb6 22. Rxa5 Rxb2+ 23. Nge2 g6 24. Rb1 Rc2 25. Ke3 Nd7 26. Rc1 Rb2 27. Nd4 Rxg2 28. Ncb5 Bxb5 29. Nxb5 Rb8 30. Rc7 Ne5 31. f4 Ng4+ 32. Kf3 Rg1 33. h3 Nh2+ 34. Kf2 Rb1 35. Nd4 Rd1 36. Nb5 Rd2+ 37. Ke3 Nf1+ 38. Kf3 Nh2+ 39. Ke3 Nf1+ 40. Kf3 Nh2+ 1/2-1/2

[Event "EIWCC 2017"]
[Site "Riga"]
[Date "2017.04.20"]
[Round "9"]
[White "Zawadzka, Jolanta"]
[Black "Buksa, Nataliya"]
[Result "1/2-1/2"]
[WhiteElo "2449"]
[BlackElo "2314"]
[Annotator "TA"]
[PlyCount "128"]
[EventDate "2017.??.??"]
[EventType "swiss"]
[EventCountry "LAT"]
[SourceTitle "playchess.com"]
[Source "ChessBase"]
[SourceQuality "1"]

1. e4 e5 2. Nf3 Nc6 3. Nc3 Nf6 4. d4 exd4 5. Nxd4 Bb4 6. Nxc6 bxc6 7. Bd3 d5 8. exd5 cxd5 9. O-O O-O 10. h3 c6 11. Qf3 Bd6 12. Re1 Rb8 13. b3 Be6 14. Bb2 Bb4 15. Red1 Bd6 16. Ne2 c5 17. Ng3 Rb4 18. c4 d4 19. a3 Rb8 20. b4 Nd7 21. Ne4 Ne5 22. Qe2 Nxd3 23. Qxd3 Be7 24. Rd2 cxb4 25. Bxd4 Qc7 26. axb4 Bxc4 27. Qe3 Rxb4 28. Rc2 Qb8 29. Ng3 Re8 30. Bxa7 Qb5 31. Re1 Be6 32. Bc5 Rb3 33. Qc1 Bxc5 34. Rxc5 Qb4 35. Nh5 h6 36. Kh2 Rb1 37. Qxb1 Qxc5 38. Qd1 Qxf2 39. Qa1 f6 40. Rf1 Qc5 41. Nf4 Bf7 42. Kh1 Qd6 43. h4 Qb4 44. Qd1 Qc4 45. Kh2 Re4 46. g3 h5 47. Rf2 Qc5 48. Rc2 Qf5 49. Rf2 Qe5 50. Qd8+ Qe8 51. Qb6 Re1 52. Rd2 Qe4 53. Rg2 Kh7 54. Rg1 Rxg1 55. Kxg1 Qe5 56. Qb1+ Kg8 57. Qd1 g5 58. hxg5 Qxg5 59. Kh2 h4 60. Qf3 hxg3+ 61. Qxg3 Kg7 62. Qxg5+ fxg5 63. Nh3 Kf6 64. Nxg5 Ke5 1/2-1/2

[Event "EIWCC 2017"]
[Site "Riga"]
[Date "2017.04.20"]
[Round "9"]
[White "Khotenashvili, Bela"]
[Black "Osmak, Iulija"]
[Result "1/2-1/2"]
[WhiteElo "2445"]
[BlackElo "2348"]
[Annotator "TA"]
[PlyCount "177"]
[EventDate "2017.??.??"]
[EventType "swiss"]
[EventCountry "LAT"]
[SourceTitle "playchess.com"]
[Source "ChessBase"]
[SourceQuality "1"]

1. Nf3 d5 2. g3 Bg4 3. Bg2 Nd7 4. d3 e5 5. O-O Ngf6 6. c4 dxc4 7. dxc4 c6 8. b3 Bc5 9. a3 a5 10. Nc3 O-O 11. Qc2 Qe7 12. h3 Bxf3 13. Bxf3 Rfe8 14. Bg2 Nb6 15. Ra2 Red8 16. h4 h6 17. Bb2 Qe6 18. Raa1 Be7 19. Rfd1 a4 20. Rxd8+ Rxd8 21. Nxa4 Nxa4 22. bxa4 Nd7 23. Be4 Nc5 24. Bh7+ Kf8 25. Bf5 Qd6 26. Bc3 g6 27. Bh3 h5 28. Rb1 Qc7 29. a5 Bd6 30. Bb4 Qe7 31. Bd2 Ra8 32. Qb2 Kg8 33. Rd1 Ne4 34. Bb4 Rd8 35. Qc2 f5 36. Bg2 Bxb4 37. Rxd8+ Qxd8 38. axb4 Nf6 39. a6 bxa6 40. Bxc6 Qd4 41. Qd3 Qb2 42. Qd8+ Kf7 43. Bd5+ Nxd5 44. Qxd5+ Ke7 45. Qb7+ Kd8 46. c5 Qxe2 47. c6 Qd1+ 48. Kh2 Qd6 49. Qxa6 Qxb4 50. c7+ Kxc7 51. Qxg6 Qg4 52. Qf7+ Kd6 53. Qf6+ Kd5 54. Qd8+ Ke6 55. Qb6+ Ke7 56. Qc5+ Ke6 57. Qc6+ Ke7 58. Qd5 e4 59. Qc5+ Ke6 60. Qc4+ Ke5 61. Qc3+ Ke6 62. Kg2 Ke7 63. Qa3+ Ke6 64. Qb3+ Ke7 65. Kf1 Kf6 66. Ke1 Ke5 67. Kd2 Kf6 68. Qe3 Ke5 69. Qc5+ Ke6 70. Qc8+ Ke5 71. Qe8+ Kd5 72. Qb5+ Kd4 73. Qb6+ Kd5 74. Qa5+ Kd4 75. Qa7+ Kd5 76. Kc3 Qf3+ 77. Kb4 Qe2 78. Qc5+ Ke6 79. Qc6+ Ke5 80. Qc3+ Kd5 81. Qc5+ Ke6 82. Qc8+ Ke5 83. Qe8+ Kd5 84. Qd7+ Ke5 85. Qe7+ Kd5 86. Qd7+ Ke5 87. Qe7+ Kd5 88. Qd7+ Ke5 89. Qe7+ 1/2-1/2

[Event "EIWCC 2017"]
[Site "Riga"]
[Date "2017.04.20"]
[Round "9"]
[White "Daulyte, Deimante"]
[Black "Zaksaite, Salomeja"]
[Result "0-1"]
[WhiteElo "2443"]
[BlackElo "2262"]
[Annotator "TA"]
[PlyCount "94"]
[EventDate "2017.??.??"]
[EventType "swiss"]
[EventCountry "LAT"]
[SourceTitle "playchess.com"]
[Source "ChessBase"]
[SourceQuality "1"]

1. e4 e5 2. Nf3 Nc6 3. Bc4 Bc5 4. O-O Nf6 5. d3 d6 6. a4 h6 7. c3 a6 8. Na3 O-O 9. Re1 Ba7 10. Nc2 Be6 11. Be3 Bb8 12. Nd2 Kh8 13. Bxe6 fxe6 14. b4 Ba7 15. b5 Ne7 16. Bxa7 Rxa7 17. d4 Ng6 18. Nf3 axb5 19. axb5 Rxa1 20. Qxa1 Nh7 21. dxe5 dxe5 22. Rd1 Qf6 23. Qa7 Nf4 24. Qe3 g5 25. Rd7 g4 26. Nfe1 Ng5 27. Kf1 Qg6 28. Qc5 Qf6 29. Qe3 Qg6 30. Rxc7 Nxe4 31. Rc4 Nh3 32. f3 gxf3 33. gxh3 f2 34. Nf3 Rxf3 35. Rc8+ Kg7 36. Rc7+ Rf7 37. Rxf7+ Kxf7 38. Qf3+ Ke7 39. Ke2 Qg1 40. Ne3 Nxc3+ 41. Kd2 Qe1+ 42. Kc2 Qe2+ 43. Qxe2 Nxe2 44. Kd3 Nd4 45. b6 Kd6 46. Ke4 Kc5 47. Nf1 Kxb6 0-1

[Event "EIWCC 2017"]
[Site "Riga"]
[Date "2017.04.20"]
[Round "9"]
[White "Danielian, Elina"]
[Black "Batsiashvili, Nino"]
[Result "1-0"]
[WhiteElo "2437"]
[BlackElo "2496"]
[Annotator "TA"]
[PlyCount "129"]
[EventDate "2017.??.??"]
[EventType "swiss"]
[EventCountry "LAT"]
[SourceTitle "playchess.com"]
[Source "ChessBase"]
[SourceQuality "1"]

1. d4 d5 2. c4 e6 3. Nf3 Nf6 4. e3 c5 5. a3 a6 6. Nbd2 cxd4 7. exd4 Nc6 8. Bd3 dxc4 9. Nxc4 b5 10. Nce5 Bb7 11. O-O Nxe5 12. dxe5 Nd7 13. Bf4 Nc5 14. Bc2 Qxd1 15. Rfxd1 Be7 16. Rac1 Rd8 17. Rxd8+ Bxd8 18. b4 Nd7 19. a4 Bxf3 20. gxf3 g5 21. Bg3 h5 22. h3 h4 23. Bh2 bxa4 24. Bxa4 Ke7 25. f4 Rg8 26. Kf1 g4 27. hxg4 Rxg4 28. Bd1 Rg8 29. Ra1 Bc7 30. Rxa6 Rb8 31. Ra4 Nb6 32. Ra7 Kd8 33. f5 Nc8 34. Ra4 exf5 35. Be2 Rb6 36. b5 Rh6 37. Bf4 Rg6 38. Rd4+ Ke7 39. Rc4 Kd8 40. Rd4+ Ke7 41. Bd3 Nb6 42. Bxf5 Rg8 43. Bh3 Ra8 44. Bg5+ Kf8 45. e6 fxe6 46. Rxh4 Ra5 47. Bxe6 Be5 48. Rb4 Bd6 49. Rb3 Ra1+ 50. Kg2 Re1 51. Be3 Na4 52. b6 Ke7 53. Bg4 Ra1 54. b7 Bb8 55. Kf3 Ra2 56. Bf4 Ba7 57. Bg3 Nc5 58. Re3+ Kf6 59. b8=Q Bxb8 60. Bxb8 Rd2 61. Be5+ Kg6 62. Bc3 Rd5 63. Kg3 Kg5 64. Re5+ Rxe5 65. f4+ 1-0

[Event "EIWCC 2017"]
[Site "Riga"]
[Date "2017.04.20"]
[Round "9"]
[White "Atalik, Ekaterina"]
[Black "Gara, Anita"]
[Result "0-1"]
[WhiteElo "2429"]
[BlackElo "2354"]
[Annotator "TA"]
[PlyCount "130"]
[EventDate "2017.??.??"]
[EventType "swiss"]
[EventCountry "LAT"]
[SourceTitle "playchess.com"]
[Source "ChessBase"]
[SourceQuality "1"]

1. d4 d5 2. c4 dxc4 3. Nf3 a6 4. e3 Bg4 5. Bxc4 e6 6. h3 Bh5 7. Qb3 Bxf3 8. gxf3 b5 9. Be2 c5 10. dxc5 Bxc5 11. Qc3 Bf8 12. Qd3 Nd7 13. Nd2 Ngf6 14. Nb3 Bb4+ 15. Kf1 O-O 16. a3 Be7 17. Bd2 Nd5 18. f4 f5 19. Ba5 Qe8 20. Bf3 N7f6 21. Nd4 Qf7 22. Ke2 Bd6 23. Rad1 Rae8 24. Rhg1 Bxf4 25. Nxf5 g6 26. Nh4 Be5 27. Rg5 Nh5 28. Qe4 Bf6 29. Rg4 Bxb2 30. Rdg1 Ne7 31. R4g2 Ng7 32. Bb4 Bf6 33. Bxe7 Qxe7 34. Nxg6 hxg6 35. Rxg6 Qxa3 36. Kf1 Qa4 37. Qb1 Re7 38. Kg2 Qh4 39. Rg4 Qh6 40. Qe4 Qh7 41. Qc6 Qf5 42. Be4 Qe5 43. Qxa6 Bg5 44. Qa3 Ref7 45. f3 Rd7 46. Kh1 Rd2 47. R4g2 Rxg2 48. Rxg2 Rd8 49. Qb3 Rc8 50. Rg1 Kh8 51. Qd3 Rd8 52. Qe2 Bf6 53. Qg2 Qh5 54. f4 b4 55. Bf3 Qh4 56. Bg4 Bc3 57. Qe4 Qh6 58. Qc4 Qf6 59. Qb5 e5 60. Rf1 exf4 61. Rxf4 Qd6 62. Qg5 Qd5+ 63. Qxd5 Rxd5 64. Rf8+ Kh7 65. Bf3 Re5 0-1

[Event "EIWCC 2017"]
[Site "Riga"]
[Date "2017.04.20"]
[Round "9"]
[White "Szczepkowska, Karina"]
[Black "Berzina, Ilze"]
[Result "1-0"]
[WhiteElo "2414"]
[BlackElo "2297"]
[Annotator "TA"]
[PlyCount "104"]
[EventDate "2017.??.??"]
[EventType "swiss"]
[EventCountry "LAT"]
[SourceTitle "playchess.com"]
[Source "ChessBase"]
[SourceQuality "1"]

1. d4 d5 2. c4 c6 3. Nc3 Nf6 4. Nf3 dxc4 5. a4 Bf5 6. Ne5 Nbd7 7. Nxc4 Nb6 8. Ne5 a5 9. h4 h6 10. f3 Nfd7 11. Nxd7 Bxd7 12. e4 e6 13. Be3 Bb4 14. Kf2 O-O 15. Bd3 f5 16. Kg1 Qe7 17. Na2 c5 18. Nxb4 cxd4 19. Bd2 axb4 20. a5 fxe4 21. fxe4 Qf6 22. Qe2 Qe5 23. Bxb4 Rf7 24. Rh3 Na4 25. Be1 Raf8 26. Bg3 Qc5 27. Qd2 e5 28. Rh1 Kh8 29. Rc1 Qd6 30. Bc4 Rf6 31. Bd5 Nc5 32. b4 Na4 33. Bxb7 Nc3 34. Kh2 Qxb4 35. a6 Qc5 36. Ra1 Bc6 37. Qb2 Bxb7 38. Qxb7 R6f7 39. Qb3 Nxe4 40. Rhc1 Nc3 41. Qe6 Re7 42. Qg6 Rf6 43. Qh5 Kh7 44. Re1 Qa7 45. Rxe5 Rd7 46. Re8 Rd5 47. Qg4 Rxa6 48. Qc8 Rxa1 49. Rh8+ Kg6 50. Qe6+ Kh5 51. Qe8+ g6 52. Qf8 Rf5 1-0

[Event "EIWCC 2017"]
[Site "Riga"]
[Date "2017.04.20"]
[Round "9"]
[White "Pustovoitova, Daria"]
[Black "Paehtz, Elisabeth"]
[Result "0-1"]
[WhiteElo "2411"]
[BlackElo "2454"]
[Annotator "TA"]
[PlyCount "94"]
[EventDate "2017.??.??"]
[EventType "swiss"]
[EventCountry "LAT"]
[SourceTitle "playchess.com"]
[Source "ChessBase"]
[SourceQuality "1"]

1. d4 Nf6 2. c4 g6 3. Nc3 Bg7 4. Nf3 O-O 5. g3 d6 6. Bg2 Nc6 7. O-O a6 8. b3 Rb8 9. Bb2 e6 10. Rc1 Bh6 11. e3 Bd7 12. d5 Ne7 13. Nd2 e5 14. f4 Ng4 15. Qe2 exf4 16. exf4 Bg7 17. Kh1 h5 18. h3 Nf5 19. Nde4 Re8 20. Qd3 Nge3 21. Rfe1 b5 22. Ba1 bxc4 23. bxc4 Nxg2 24. Kxg2 Nh6 25. Nf2 Bf5 26. Qd2 Qd7 27. Rxe8+ Rxe8 28. Re1 Kf8 29. Rxe8+ Qxe8 30. Bb2 Qe7 31. Ncd1 Bxb2 32. Qxb2 Be4+ 33. Kh2 Bf3 34. Qd2 Nf5 35. Nb2 Qe3 36. Qxe3 Nxe3 37. Nfd3 Be2 38. c5 dxc5 39. Nxc5 Nxd5 40. Kg2 Ke7 41. Kf2 Nc3 42. a3 Kd6 43. Nb3 Kd5 44. Ke3 Bf1 45. h4 f5 46. Nd2 Bb5 47. Nd3 Nd1+ 0-1

[Event "EIWCC 2017"]
[Site "Riga"]
[Date "2017.04.20"]
[Round "9"]
[White "Hoolt, Sarah"]
[Black "Galojan, Lilit"]
[Result "1/2-1/2"]
[WhiteElo "2398"]
[BlackElo "2290"]
[Annotator "NA"]
[PlyCount "167"]
[EventDate "2017.??.??"]
[EventType "swiss"]
[EventCountry "LAT"]
[SourceTitle "playchess.com"]
[Source "ChessBase"]
[SourceQuality "1"]

1. e4 c6 2. d4 d5 3. e5 Bf5 4. Nf3 e6 5. Be2 Ne7 6. Nbd2 h6 7. Nb3 Nd7 8. a4 a5 9. O-O Bh7 10. c3 Qc7 11. Re1 g5 12. h3 Bg7 13. Nh2 c5 14. Nxc5 Nxc5 15. dxc5 Bxe5 16. Bb5+ Kf8 17. Nf3 Bf6 18. Be3 e5 19. Nh2 Bf5 20. Be2 Rd8 21. Bh5 Be4 22. Qb3 Rh7 23. Ng4 Bh8 24. Bd2 Bf5 25. Ne3 Bd3 26. Bf3 e4 27. Bh5 f5 28. Nc2 Nc6 29. Be3 Re7 30. Nd4 f4 31. Nb5 Qb8 32. Bd4 Be5 33. Bxe5 Nxe5 34. Nd4 Qc7 35. Qb6 Qxb6 36. cxb6 Nc4 37. Nb3 Rd6 38. Nc5 Rxb6 39. b3 Ne5 40. Red1 Rd6 41. b4 Rc7 42. Nxd3 Nxd3 43. bxa5 Rxc3 44. Be2 Nc5 45. Rac1 Rxc1 46. Rxc1 Na6 47. Bg4 d4 48. Bc8 d3 49. Bxb7 Nc5 50. a6 Rd8 51. a5 e3 52. fxe3 fxe3 53. Bf3 Nxa6 54. Rc6 Nb4 55. Rxh6 Ke7 56. Rb6 Nc2 57. Rb7+ Kd6 58. Rb6+ Ke5 59. Rb7 Kd4 60. Re7 Rd6 61. Kf1 Ra6 62. Rd7+ Kc4 63. Rxd3 Rxa5 64. Rd1 Nd4 65. Rc1+ Kd3 66. Rd1+ Kc3 67. Rc1+ Kd2 68. Rd1+ Kc3 69. Rc1+ Kb4 70. Be2 Kb3 71. Bc4+ Kb2 72. Re1 Kc3 73. Be2 Nc2 74. Rd1 Rf5+ 75. Bf3 Nd4 76. Rc1+ Kd2 77. Rd1+ Kc3 78. Rc1+ Kb2 79. Rc4 Rf4 80. Rc5 Nxf3 81. gxf3 Rxf3+ 82. Ke2 Rxh3 83. Rxg5 Kc3 84. Rg8 1/2-1/2

[Event "EIWCC 2017"]
[Site "Riga"]
[Date "2017.04.20"]
[Round "9"]
[White "Nechaeva, Marina"]
[Black "Galliamova, Alisa"]
[Result "1/2-1/2"]
[WhiteElo "2395"]
[BlackElo "2444"]
[Annotator "TA"]
[PlyCount "83"]
[EventDate "2017.??.??"]
[EventType "swiss"]
[EventCountry "LAT"]
[SourceTitle "playchess.com"]
[Source "ChessBase"]
[SourceQuality "1"]

1. d4 Nf6 2. c4 e6 3. Nf3 b6 4. Nc3 Bb7 5. Bg5 h6 6. Bh4 d6 7. e3 g5 8. Bg3 Nh5 9. d5 Bg7 10. Nd4 Nxg3 11. hxg3 c5 12. Nf3 O-O 13. Bd3 Qe7 14. dxe6 fxe6 15. Bc2 Nc6 16. Qd3 Rf5 17. Qe2 Rf7 18. O-O Nb4 19. Bg6 Rf6 20. Bh5 Rd8 21. a3 Na6 22. Rad1 Nc7 23. Rd2 d5 24. Rfd1 Rff8 25. Bg6 Bxc3 26. bxc3 Qf6 27. Bb1 dxc4 28. Rxd8 Rxd8 29. Rxd8+ Qxd8 30. Qc2 Qd3 31. Qxd3 cxd3 32. Bxd3 b5 33. Ne5 c4 34. Bc2 Kg7 35. e4 Ne8 36. f3 h5 37. Kf2 Kf6 38. f4 g4 39. Ke3 Ke7 40. Kd4 Nf6 41. a4 bxa4 42. Nxc4 1/2-1/2

[Event "EIWCC 2017"]
[Site "Riga"]
[Date "2017.04.20"]
[Round "9"]
[White "Tsolakidou, Stavroula"]
[Black "Golubenko, Valentina"]
[Result "0-1"]
[WhiteElo "2395"]
[BlackElo "2271"]
[Annotator "NA"]
[PlyCount "78"]
[EventDate "2017.??.??"]
[EventType "swiss"]
[EventCountry "LAT"]
[SourceTitle "playchess.com"]
[Source "ChessBase"]
[SourceQuality "1"]

1. d4 Nf6 2. c4 e6 3. g3 c5 4. Nf3 cxd4 5. Nxd4 d5 6. Bg2 e5 7. Nb3 d4 8. O-O Nc6 9. f4 Be7 10. fxe5 Ng4 11. Bxc6+ bxc6 12. Qxd4 Qxd4+ 13. Nxd4 Bc5 14. e3 Nxe5 15. b3 Bh3 16. Rf4 O-O-O 17. Ba3 Rxd4 18. exd4 Bxd4+ 19. Rxd4 Nf3+ 20. Kf2 Nxd4 21. Nc3 Nc2 22. Bb2 Nxa1 23. Bxa1 Rd8 24. Ke3 Re8+ 25. Kf2 Re5 26. Bb2 Rf5+ 27. Ke3 Rf1 28. Ne4 Re1+ 29. Kf4 f6 30. Nf2 Be6 31. Kf3 Bf7 32. Bd4 Kb7 33. g4 Bg6 34. h4 h5 35. g5 fxg5 36. hxg5 Re7 37. Nh3 Bf5 38. Nf4 g6 39. Be3 h4 0-1

[Event "EIWCC 2017"]
[Site "Riga"]
[Date "2017.04.20"]
[Round "9"]
[White "Zimina, Olga"]
[Black "Zhukova, Natalia"]
[Result "1/2-1/2"]
[WhiteElo "2395"]
[BlackElo "2438"]
[Annotator "TA"]
[PlyCount "52"]
[EventDate "2017.??.??"]
[EventType "swiss"]
[EventCountry "LAT"]
[SourceTitle "playchess.com"]
[Source "ChessBase"]
[SourceQuality "1"]

1. c4 c5 2. Nf3 Nf6 3. Nc3 Nc6 4. d4 cxd4 5. Nxd4 e6 6. Bf4 d5 7. Ndb5 e5 8. cxd5 exf4 9. dxc6 bxc6 10. Qxd8+ Kxd8 11. Rd1+ Bd7 12. Nd6 Kc7 13. Nxf7 Rg8 14. Ne5 Rb8 15. Rd2 Bb4 16. Nxd7 Nxd7 17. g3 Bxc3 18. bxc3 Rb1+ 19. Rd1 Rgb8 20. gxf4 Nf6 21. Bg2 Rxd1+ 22. Kxd1 Rb2 23. Bf3 Rxa2 24. h4 Nh5 25. Rh3 Nxf4 26. Rg3 g6 1/2-1/2

[Event "EIWCC 2017"]
[Site "Riga"]
[Date "2017.04.20"]
[Round "9"]
[White "Zimina, Olga"]
[Black "Zhukova, Natalia"]
[Result "*"]
[WhiteElo "2395"]
[BlackElo "2438"]
[Annotator "TA"]
[PlyCount "42"]
[EventDate "2017.??.??"]
[EventType "swiss"]
[EventCountry "LAT"]
[SourceTitle "playchess.com"]
[Source "ChessBase"]
[SourceQuality "1"]

1. c4 c5 2. Nf3 Nf6 3. Nc3 Nc6 4. d4 cxd4 5. Nxd4 e6 6. Bf4 d5 7. Ndb5 e5 8. cxd5 exf4 9. dxc6 bxc6 10. Qxd8+ Kxd8 11. Rd1+ Bd7 12. Nd6 Kc7 13. Nxf7 Rg8 14. Ne5 Rb8 15. Rd2 Bb4 16. Nxd7 Nxd7 17. g3 Ne5 18. Bh3 Bxc3 19. bxc3 Rb1+ 20. Rd1 Nd3+ 21. exd3 Re8+ *

[Event "EIWCC 2017"]
[Site "Riga"]
[Date "2017.04.20"]
[Round "9"]
[White "Ovod, Evgenija"]
[Black "Unuk, Laura"]
[Result "0-1"]
[WhiteElo "2382"]
[BlackElo "2275"]
[Annotator "ChessBase"]
[PlyCount "96"]
[EventDate "2017.??.??"]
[EventType "swiss"]
[EventCountry "LAT"]
[SourceTitle "playchess.com"]
[Source "ChessBase"]
[SourceQuality "1"]

1. d4 Nf6 2. c4 e6 3. Nc3 Bb4 4. f3 O-O 5. e4 d5 6. cxd5 exd5 7. e5 Nfd7 8. a3 Bxc3+ 9. bxc3 f6 10. exf6 Qxf6 11. Bd3 Nb6 12. Ne2 Bf5 13. Bf4 Nc6 14. Bxc7 Bxd3 15. Qxd3 Nc4 16. O-O Rae8 17. f4 Re3 18. Qc2 Qe7 19. Be5 Nxa3 20. Qa2 Nc4 21. Rab1 Qd7 22. h3 a5 23. Kh2 Ne7 24. Rbc1 Ng6 25. Ng3 Rd3 26. Rf2 Qf7 27. Nh1 Re3 28. Qc2 Nh4 29. Qd1 Qg6 30. g3 Nf5 31. g4 Rxh3+ 32. Kxh3 Qh6+ 33. Kg2 Nce3+ 34. Kg1 Nxd1 35. Rxd1 Qh3 36. Rb1 Ne3 37. Rxb7 Qxg4+ 38. Kh2 Qh5+ 39. Kg1 Qg6+ 40. Kh2 Ng4+ 41. Kg1 Nxe5+ 42. Rg2 Ng4 43. Nf2 Rxf4 44. Rb8+ Kf7 45. Rb7+ Ke8 46. Rb8+ Kd7 47. Nh3 Rf3 48. Rgb2 Ne3+ 0-1